000 00545nam a2200193 4500
001 117694
003 ES-MaACL
005 20250407063114.0
007 t|
008 070214s1977 sp r ||||1| cat d
100 1 _aPedrolo, Manuel de,
_d1918-1991
_989937
245 1 0 _aTerra prohibida /
_cManuel de Pedrolo.
250 _a[1ยช ed.].
260 _aBarcelona :
_bLaia,
_c1977.
300 _a337 p. ;
_c20 cm.
505 8 _aContiene: V. I. Les portes del passat
852 _aES-MaACL
_jA-7807
_bR.96929
999 _c117694
_d117694